00684nam a22002297a 450000500170000001000130001702000180003003500130004803700120006108200120007310000210008524500660010625000120017226000470018427000420023130000430027350000200031665000570033665000190039365000170041270000250042920181029125717.0 aB-710650 a9788131714508 aB-710650 bPearson a621.395 aMano, M. Morris  aDigital design /cby M. Morris Mano [and] Michael D. Ciletti  a4th ed  aNew Delhi bPrentice- Hall of India c2009 a482 F.I.E., PatparganjbDelhie110092 axv, 623p.bill. c24 cm. (pbk)eCD-ROM aIncludes index  aDigital integrated circuitsxDesign and construction alogic circuits alogic design aCiletti, Michael D.